ESL supplement guide : (Record no. 113141)
[ view plain ]
| 000 -LEADER | |
|---|---|
| fixed length control field | 00737nam a2200217 a 4500 |
| 001 - CONTROL NUMBER | |
| control field | 2815 |
| 005 - DATE AND TIME OF LATEST TRANSACTION | |
| control field | 20140414132004.0 |
| 008 - FIXED-LENGTH DATA ELEMENTS--GENERAL INFORMATION | |
| fixed length control field | 051021s19uu xx 00 eng d |
| 020 ## - INTERNATIONAL STANDARD BOOK NUMBER | |
| International Standard Book Number | 0-07-572850-8 |
| 050 ## - LIBRARY OF CONGRESS CALL NUMBER | |
| Classification number | TR 372.4 |
| Item number | B35 L.4(ESG) |
| 245 ## - TITLE STATEMENT | |
| Title | ESL supplement guide : |
| Remainder of title | SRA open court reading, L.4. |
| 250 ## - EDITION STATEMENT | |
| Edition statement | rev. ed. |
| 260 ## - PUBLICATION, DISTRIBUTION, ETC. (IMPRINT) | |
| Place of publication, distribution, etc | Columbus, Ohio : |
| Name of publisher, distributor, etc | SRA/McGraw-Hill, |
| Date of publication, distribution, etc | 2002. |
| 300 ## - PHYSICAL DESCRIPTION | |
| Extent | 280 p. ; cm. |
| 440 ## - SERIES STATEMENT/ADDED ENTRY--TITLE | |
| Title | SRA open court reading, purple. |
| 500 ## - GENERAL NOTE | |
| General note | Unit 1: Risks and consequences-Unit 2: Dreams to job-Unit 3: From Mystery to medicine-Unit 4: Surviving-Unit 5: Communication-Unit 6: Trail of Freedom. |
| 526 ## - STUDY PROGRAM INFORMATION NOTE | |
| Reading level | Grade 4 |
| 650 ## - SUBJECT ADDED ENTRY--TOPICAL TERM | |
| Topical term or geographic name as entry element | Reading |
| General subdivision | Study and teaching. |
| Withdrawn status | Lost status | Damaged status | Use restrictions | Home library | Current library | Shelving location | Date acquired | Source of acquisition | Total Checkouts | Full call number | Barcode | Date last seen | Price effective from | Koha item type |
|---|---|---|---|---|---|---|---|---|---|---|---|---|---|---|
| Munich Library | Munich Library | Teachers Reference Section | 10/21/2005 | TR 372.4 B35 L.4(ESG) | M4635 | 04/14/2014 | 04/14/2014 | Books | ||||||
| Munich Library | Munich Library | Teachers Reference Section | 10/21/2005 | TR 372.4 B35 L.4(ESG) | M4634 | 04/14/2014 | 04/14/2014 | Books |